000 00389nam a2200121Ia 4500
008 231129s1963||||xx |||||||||||||| ||spa||
082 _aGOR- 013
100 _aAntal Frederick
245 0 _aEl mundo florentino y su ambiente social; la república burguesa anterior a Cosme de Médicis: siglos XIV y XV
260 _c1963
264 _aMadrid España: Guadarrama 1963
942 _2ddc
_cBKS
999 _c11804
_d11804